000 00285nam a2200109Ia 4500
008 180117s9999 xx 000 0 und d
245 _aThis week Arts and Culture
260 _c2017
300 _a16-18 pages, 2017 July 16
440 _aPhilippine Panorama
650 _aARTS AND CULTURE
999 _c353329
_d353329